| 000 | 00427nam a22001697a 4500 | ||
|---|---|---|---|
| 020 | _a9789692380102 | ||
| 082 |
_a954.9 _bSAR |
||
| 100 | _aSarfraz, Naeem | ||
| 245 |
_aReflections / _cNaeem Sarfraz |
||
| 260 |
_aIslamabad: _bThe Lord Sarfraz Foundation; _c2022. |
||
| 300 | _a235p. | ||
| 563 | _aHB | ||
| 650 |
_aReflection _9119641 |
||
| 650 |
_aNational Issues _9119642 |
||
| 650 | _aPakistan | ||
| 942 |
_2ddc _cBK |
||
| 999 |
_c607221 _d607221 |
||